000 00990nam a2200229Ia 4500
999 _c39333
_d39333
001 5919
003 GE_BSU
005 20190820101422.0
008 181216s1957||||ge |||||||||||||| ||geo||
040 _cGE_BSU
041 _ageo
080 _a821.353.1-1 ა-13
100 _aაბაშიძე, გრიგოლ
_91383
245 _aლაშარელა მეცამეტე საუკუნის ქართული ქრონიკა :
_bრომანი /
_cგრიგოლ აბაშიძე ; რედ. შ. სულაბერიძე.
264 _aთბილისი :
_bსახელგამი ;
_c1957.
300 _a329 გვ. ;
_c26 სმ.
653 _aლაშარელა
653 _a მეცამეტე საუკუნის ქართული ქრონიკა
653 _aრომანი
700 _a სულაბერიძე, შ.
_eრედაქტორი
_93693
942 _cBK
_2udc